000 00267nam a2200109 4500
008 160702b xxu||||| |||| 00| 0 eng d
100 _91872
_a Vas, G
245 _aTongue Twisters
260 _aNew Delhi
_bSterling
_c1995
300 _aTongue Twisters
942 _2ddc
_cBK
999 _c1574
_d1574